| 000 | 00867nam a2200217Ia 4500 | ||
|---|---|---|---|
| 999 |
_c49177 _d49177 |
||
| 001 | 16088 | ||
| 003 | GE_BSU | ||
| 005 | 20241210110958.0 | ||
| 008 | 181216s1983||||ge |||||||||||||| ||geo|| | ||
| 040 | _cGE_BSU | ||
| 041 | _ageo | ||
| 080 | _a316 Р-11 | ||
| 245 |
_aРабочая книга социолога / _cРедкол. Осипов Г. В. ; Отв. ред. Гвишиани Д. М., Руткевич М. Н. и др. |
||
| 250 | _a2-е изд.перер. и доп. | ||
| 264 |
_aМосква : _bНаука, _c1983. |
||
| 300 |
_a477 стр. ; _bтабл. |
||
| 500 | _aБиблиогр. стр.451ю Указ. осн. обозн. стр. 456. Кратк. словарь терминов. стр. 457. Предм. указ. стр. 469 | ||
| 653 | _aРабочая книга социолога | ||
| 653 | _aСоциология | ||
| 942 |
_cBK _2udc |
||